| 000 | 01205nam a2200349 a 4500 | ||
|---|---|---|---|
| 001 | 11638 | ||
| 003 | BD-RjUL | ||
| 005 | 20211208235146.0 | ||
| 008 | 170412s1990 nyu b 001 0 eng d | ||
| 020 | _a0471512613 | ||
| 035 | _a(BD-RjUL)11687 | ||
| 040 |
_aDLC _cDLC _dAGL _dOCL _dTJM _dBD-RjUL _beng |
||
| 041 | _aeng | ||
| 070 | 1 | _aQH623.M6 | |
| 082 | 0 | 0 |
_a571.6 _223 _bMOR 1990 |
| 245 | 0 | 0 |
_aMorphoregulatory molecules / _cedited by Gerald M. Edelman, Bruce A. Cunningham, Jean Paul Thiery |
| 260 |
_aNew York ; _aChichester : _bWiley, _cc1990. |
||
| 300 |
_aix, 648 p. : _bill. ; _c25 cm |
||
| 490 | 1 | _aThe Neurosciences Institute publications series | |
| 504 | _aIncludes bibliographical references and index | ||
| 650 | 0 |
_aCell adhesion _xMolecular aspects _935990 |
|
| 650 | 0 |
_aCell adhesion molecules _935991 |
|
| 650 | 0 |
_aCell adhesion _xPhysiology _935992 |
|
| 650 | 0 |
_aCell adhesion molecules _935993 |
|
| 650 | 0 |
_aCells _xPhysiology _935994 |
|
| 700 | 1 |
_aCunningham, Bruce A. _935995 |
|
| 700 | 1 |
_aEdelman, Gerald M. _935996 |
|
| 700 | 1 |
_aThiery, Jean-Paul. _935997 |
|
| 830 | 4 |
_aThe Neurosciences Institute publications series _9205958 |
|
| 942 |
_2ddc _cBK |
||
| 999 |
_c11638 _d11638 |
||